000 00806cab a2200241 4500
001 ABS55861
008 090401t1996 xxu||||| |||| 00| 0 eng d
035 _a(Sirsi) u19212
041 _aeng
100 _aJohnson, C.
245 _aSpecialism series No.2 - enforcement notices
260 _c1996
350 _a0
490 _aPlanning Inspectorate Journal
_v(5) Autumn 1996, 9-11(3)
520 _aA practitioners guide to enforcement notices. Discusses the statutory background and outlines the correct procedure for appeals. Outlines the seven grounds of appeal.
650 _aENFORCEMENT NOTICES
650 _aPLANNING AND COMPENSATION ACT 1991
650 _aPLANNING APPEALS
650 _aPLANNING PERMISSION
690 _aPLANNING LAW AND PRACTICE
942 _n0
948 _c04/03/1997
999 _c12802
_d12802